000 00252nam a2200097Ia 4500
001 679843
005 20250826161330.0
008 250824s9999 xx 000 0 und d
245 0 _aSAKLIKÖYÜN KUŞCUSU
_cKADRİ ÖZTOPÇU
260 _bGÜNIŞIĞI YAYINLARI
999 _c679843
_d679843